[Event "Tourn. n8253"]
[Site "www.chess-mail.com"]
[Date "2015.07.20"]
[Round "1"]
[White "A27l"]
[Black "Farnation"]
[WhiteElo "1130"]
[BlackElo "1050"]
[Result "1-0"]
[Round "1"]
1.e4 e5
2.d3 Nb8c6
3.Ng1f3 d5
4.Bf1e2 dxe4
5.dxe4 Ng8f6
6.Qd1xd8 Kxd8
7.O-O Nf6xe4
8.c3 Bf8c5
9.Bc1e3 b6
10.Be3xc5 bxc5
11.Nb1d2 Ne4xd2
12.Nf3xd2 e4
13.Nd2xe4  { time }
1-0

[Event "Tourn. n8262"]
[Site "www.chess-mail.com"]
[Date "2015.07.20"]
[Round "1"]
[White "Tartan"]
[Black "Szustan"]
[WhiteElo "2460"]
[BlackElo "2620"]
[Result "0-1"]
[Round "1"]
1.d4 d5
2.Ng1f3 Ng8f6
3.e3 e6
4.Bf1d3 c5
5.c3 Nb8c6
6.Nb1d2 Bf8d6
7.O-O O-O
8.dxc5 Bd6xc5
9.e4 Qd8c7
10.Qd1e2 b6
11.exd5 exd5
12.Nd2b3 Bc8g4
13.Bc1g5 Bc5d6
14.h3 Ra8e8
15.Qe2c2 Bg4xf3
16.Bg5xf6 gxf6
17.Bd3xh7 Kh8
18.gxf3 Nc6e7
19.Bh7f5 Rf8g8
20.Kh1 Rg8g5
21.Rf1e1 Re8g8
{ resign }
0-1

[Event "Tourn. n8168"]
[Site "www.chess-mail.com"]
[Date "2015.07.20"]
[Round "1"]
[White "Blackpool"]
[Black "Osopanda"]
[WhiteElo "1890"]
[BlackElo "1990"]
[Result "0-1"]
[Round "1"]
1.d4 d5
2.Bc1f4 e6
3.e3 Bf8d6
4.Bf4xd6 Qd8xd6
5.c3 Ng8f6
6.Ng1f3 O-O
7.Bf1d3 c5
8.dxc5 Qd6xc5
9.O-O Nb8c6
10.Nb1d2 e5
11.e4 d4
12.Nd2b3 Qc5e7
13.cxd4 exd4
14.Nf3xd4 Nc6xd4
15.Nb3xd4 Bc8g4
16.Qd1b3 Nf6xe4
17.Bd3xe4 Qe7xe4
18.Nd4b5 Qe4c6
19.Ra1c1 Qc6g6
 { time }
0-1

[Event "Tourn. n8253"]
[Site "www.chess-mail.com"]
[Date "2015.07.20"]
[Round "1"]
[White "Culiflori"]
[Black "Farnation"]
[WhiteElo "999"]
[BlackElo "1050"]
[Result "1-0"]
[Round "1"]
1.e4 e5
2.Ng1f3 Ng8f6
3.Nf3xe5 Nf6xe4
4.Qd1e2 d5
5.d3 Ne4c5
6.Ne5c6 Qd8e7
7.Nc6xe7 Bf8xe7
8.Nb1c3 d4
9.Nc3e4 Nc5a4
10.g3 O-O
11.Bc1f4 Nb8c6
12.Bf4xc7 Na4xb2
13.Bf1g2 Nc6b4
14.Ra1b1 Nb2a4
15.Bc7a5 f5
16.Ba5xb4 fxe4
17.Bb4xe7 Na4c3
18.Qe2h5 Nc3xb1
19.Be7xf8 Kxf8
20.Bg2xe4 g6
21.Qh5xh7 Nb1c3
22.Be4xb7 Bc8xb7
23.Qh7xb7 Ra8e8
24.Kd2 Nc3xa2
25.Qb7xa7 Na2b4
26.Qa7c5 Re8e7
27.Qc5xb4 Ke8
28.Rh1e1 Re7xe1
29.Kxe1 g5
30.Qb4b7 g4
31.f4 { resign }
1-0

[Event "Tourn. n8292"]
[Site "www.chess-mail.com"]
[Date "2015.07.20"]
[Round "1"]
[White "Wegaman"]
[Black "Scasan55"]
[WhiteElo "1890"]
[BlackElo "1930"]
[Result "1/2-1/2"]
[Round "1"]
1.d4 e6
2.c4 d5
3.Nb1c3 Bf8b4
4.Qd1c2 Ng8f6
5.Bc1g5 h6
6.Bg5h4 Nb8d7
7.Ng1f3 Bb4e7
8.e3 O-O
9.Bf1e2 dxc4
10.Be2xc4 a6
11.O-O b5
12.Bc4e2 Bc8b7
13.Rf1e1 Nf6d5
14.Bh4xe7 Qd8xe7
15.Nc3xd5 Bb7xd5
16.Qc2xc7 Rf8c8
17.Qc7g3 Nd7f6
18.b3 Rc8c2
19.Nf3e5 Ra8c8
20.Be2d3 Rc2c7
21.h3 { draw }
1/2-1/2

[Event "Tourn. n8087"]
[Site "www.chess-mail.com"]
[Date "2015.07.20"]
[Round "1"]
[White "Falcoale"]
[Black "Libiesse"]
[WhiteElo "1810"]
[BlackElo "1920"]
[Result "0-1"]
[Round "1"]
1.e4 c5
2.Ng1f3 e6
3.Bf1c4 Nb8c6
4.a3 a6
5.O-O Ng8f6
6.d3 b5
7.Bc4a2 d6
8.Bc1g5 Bf8e7
9.Nb1d2 Bc8b7
10.Rf1e1 O-O
11.h3 h6
12.Bg5h4 Qd8d7
13.c4 b4
14.a4 a5
15.b3 Rf8d8
16.Ba2b1 Qd7c7
17.Bh4g3 Qc7d7
18.Bb1c2 Ra8c8
19.Bc2b1 Nc6d4
20.Nf3xd4 cxd4
21.Nd2f3 d5
22.e5 Nf6h5
23.Bg3h2 g6
24.Qd1d2 dxc4
25.bxc4 Bb7xf3
26.gxf3 Be7g5
27.f4 Bg5e7
28.Bb1c2 Nh5g7
29.Bh2g3 Rc8b8
30.Bc2b3 Ng7f5
31.Kh2 Nf5h4
32.Bg3xh4 Be7xh4
33.Re1g1 Kg7
34.Rg1g4 Bh4e7
35.Ra1g1 Qd7e8
36.Rg4g2 Rb8b6
37.f3 Rb6c6
38.Qd2f2 Rd8d7
39.h4 h5
40.Qf2e2 Rc6c7
41.Kh3 Rc7a7
42.f5 exf5
43.f4 Kh7
44.Qe2f2 Ra7a6
45.Bb3d1 b3
46.Bd1xh5 Ra6b6
47.Bh5f3 b2
48.Rg1b1 Be7a3
49.Qf2g3 Qe8e7
50.Bf3d5 Rd7xd5
51.cxd5 Rb6b3
52.h5 Qe7e8
53.e6 fxe6
54.hxg6 Kg7
55.Qg3f2 Rb3xd3
56.Kh2 Qe8h8
57.Kg1 Rd3e3
58.Qf2c2 Re3c3
59.Qc2e2 Rc3c1
60.Rb1xc1 bxc1Q
61.Kf2 Qh8h4
{ resign }
0-1

[Event "Tourn. n8270"]
[Site "www.chess-mail.com"]
[Date "2015.07.20"]
[Round "1"]
[White "Guidom"]
[Black "Imkrebsgang"]
[WhiteElo "2070"]
[BlackElo "1890"]
[Result "1-0"]
[Round "1"]
1.e4 e5
2.Ng1f3 Nb8c6
3.Bf1b5 a6
4.Bb5a4 Ng8f6
5.O-O Bf8e7
6.d3 b5
7.Ba4b3 O-O
8.Bc1g5 Nf6g4
9.Bg5xe7 Qd8xe7
10.h3 Ng4h2
11.Kxh2 Nc6d4
12.Nf3xd4 exd4
13.f4 Bc8b7
14.Nb1d2 a5
15.a4 Bb7c6
16.axb5 Bc6xb5
17.Bb3c4 Rf8b8
18.Bc4xb5 Rb8xb5
19.b3 Rb5b6
20.Nd2c4 Rb6a6
21.Ra1a4 d6
22.Qd1d2 d5
23.exd5 Qe7c5
24.Rf1e1 Kf8
25.Re1e5 Qc5b5
26.d6 Qb5b4
27.Ra4xb4 axb4
28.d7 Ra6e6
29.Qd2xb4 Kg8
30.Re5xe6 fxe6
31.Qb4e7 Ra8f8
32.Qe7xe6 Kh8
33.Qe6e8 Kg8
34.d8Q Rf8xe8
35.Qd8xe8 
1-0

[Event "Tourn. n8295"]
[Site "www.chess-mail.com"]
[Date "2015.07.20"]
[Round "1"]
[White "Arto20"]
[Black "Thurgau"]
[WhiteElo "2410"]
[BlackElo "2720"]
[Result "1-0"]
[Round "1"]
1.e4 c5
2.Ng1f3 d6
3.d4 cxd4
4.Qd1xd4 Nb8c6
5.Bf1b5 Bc8d7
6.Bb5xc6 Bd7xc6
7.Nb1c3 Ng8f6
8.Bc1g5 e5
9.Qd4d3  { time }
1-0

[Event "Tourn. n8295"]
[Site "www.chess-mail.com"]
[Date "2015.07.20"]
[Round "1"]
[White "Krystek23"]
[Black "Thurgau"]
[WhiteElo "2330"]
[BlackElo "2720"]
[Result "1-0"]
[Round "1"]
1.c4 Ng8f6
2.Nb1c3 e5
3.Ng1f3 Nb8c6
4.g3 d5
5.cxd5 Nf6xd5
6.Bf1g2 Nd5b6
7.a3 Bc8e6
8.O-O  { time }
1-0

[Event "Tourn. n8178"]
[Site "www.chess-mail.com"]
[Date "2015.07.20"]
[Round "1"]
[White "Julian"]
[Black "Knightjumper"]
[WhiteElo "1960"]
[BlackElo "1810"]
[Result "1-0"]
[Round "1"]
1.e4 d5
2.e5 c5
3.Ng1f3 Nb8c6
4.c3 a6
5.d4 e6
6.g3 Qd8b6
7.Bf1g2 cxd4
8.cxd4 Bf8b4
9.Nb1c3 Ng8e7
10.O-O Ne7f5
11.Nc3e2 h5
12.a3 Bb4f8
13.b4 Bf8e7
14.Bc1e3 h4
15.g4 Nf5xe3
16.fxe3 { time. }
1-0

[Event "Tourn. n8203"]
[Site "www.chess-mail.com"]
[Date "2015.07.20"]
[Round "1"]
[White "Libiesse"]
[Black "Vasylpuzanov"]
[WhiteElo "2010"]
[BlackElo "2210"]
[Result "0-1"]
[Round "1"]
1.d4 d5
2.c4 e6
3.Ng1f3 Ng8f6
4.Bc1g5 Bf8e7
5.Nb1c3 c6
6.cxd5 exd5
7.e3 h6
8.Bg5xf6 Be7xf6
9.a3 O-O
10.Bf1e2 Bc8f5
11.O-O Nb8d7
12.Qd1b3 Ra8b8
13.Rf1c1 Rf8e8
14.Qb3d1 Qd8e7
15.b4 a6
16.Nc3a4 a5
17.Ra1b1 Bf5xb1
{ resign }
0-1

[Event "Tourn. n8224"]
[Site "www.chess-mail.com"]
[Date "2015.07.20"]
[Round "1"]
[White "Difficult"]
[Black "Umzi"]
[WhiteElo "2060"]
[BlackElo "2110"]
[Result "0-1"]
[Round "1"]
1.d4 d5
2.c4 c6
3.cxd5 cxd5
4.Nb1c3 e6
5.Ng1f3 Ng8f6
6.Bc1g5 Bf8e7
7.e3 O-O
8.Bf1d3 a6
9.O-O Nb8d7
 { time }
0-1

[Event "Tourn. n8254"]
[Site "www.chess-mail.com"]
[Date "2015.07.20"]
[Round "1"]
[White "Roque1"]
[Black "Ruko"]
[WhiteElo "1690"]
[BlackElo "1680"]
[Result "0-1"]
[Round "1"]
1.e4 e5
2.Ng1f3 Nb8c6
3.Bf1b5 a6
4.Bb5a4 Ng8f6
5.Nb1c3 b5
6.Ba4b3 d6
7.Nc3d5 Bc8g4
8.d3 Nc6d4
 { time }
0-1

[Event "Tourn. n8295"]
[Site "www.chess-mail.com"]
[Date "2015.07.20"]
[Round "1"]
[White "Thurgau"]
[Black "Nimzo"]
[WhiteElo "2720"]
[BlackElo "2720"]
[Result "0-1"]
[Round "1"]
1.e4 c5
2.Ng1f3 d6
3.d4 cxd4
4.Nf3xd4 Ng8f6
5.Nb1c3 g6
6.Bc1e3 Bf8g7
7.f3 O-O
8.Qd1d2 Nb8c6
9.O-O-O d5
10.exd5 Nf6xd5
11.Nd4xc6 bxc6
 { time }
0-1

[Event "Tourn. n8187"]
[Site "www.chess-mail.com"]
[Date "2015.07.20"]
[Round "1"]
[White "Easychess"]
[Black "Maxlou"]
[WhiteElo "1480"]
[BlackElo "1670"]
[Result "0-1"]
[Round "1"]
1.e4 Ng8f6
2.Nb1c3 d5
3.exd5 Nf6xd5
4.Bf1c4 e6
5.Qd1f3 Nd5b6
6.Bc4b3 Nb8c6
7.Ng1e2 Bf8e7
8.a3 O-O
9.d3 a5
10.O-O a4
11.Bb3a2 Ra8a5
12.Bc1e3 Nb6d5
13.Nc3xd5 exd5
14.d4 Be7d6
15.Ne2g3 Qd8h4
16.Rf1e1 Bc8g4
 { time }
0-1

[Event "Tourn. n8187"]
[Site "www.chess-mail.com"]
[Date "2015.07.20"]
[Round "1"]
[White "Easychess"]
[Black "Azulmarino"]
[WhiteElo "1480"]
[BlackElo "1570"]
[Result "0-1"]
[Round "1"]
1.c4 c5
2.Nb1c3 d6
3.g3 Bc8g4
4.Bf1g2 Nb8c6
5.h3 Bg4d7
6.d3 Ng8f6
7.Ng1f3 e5
8.O-O Nc6d4
9.e3 Bf8e7
10.exd4 exd4
11.Nc3e4 O-O
12.Rf1e1 Bd7c6
13.Ne4xf6 Be7xf6
14.a3 Qd8c8
15.Bc1g5 Bc6xf3
16.Qd1xf3 Bf6xg5
17.Re1e2 h6
18.Qf3xb7 Qc8f5
19.Qb7e4 Qf5xe4
20.Bg2xe4 Ra8b8
 { time }
0-1

[Event "Tourn. n8285"]
[Site "www.chess-mail.com"]
[Date "2015.07.20"]
[Round "1"]
[White "Iko"]
[Black "Drdoom"]
[WhiteElo "1480"]
[BlackElo "1700"]
[Result "0-1"]
[Round "1"]
1.e4 e5
2.Ng1f3 Nb8c6
3.Bf1b5 Nc6d4
4.Nf3xd4 exd4
5.Qd1f3 c6
6.Bb5c4 f6
7.e5 d5
8.exd6 Qd8xd6
9.Bc4xg8 Rh8xg8
10.Qf3h5 g6
11.Qh5xh7 Qd6e6
12.Kd1 Rg8g7
13.Qh7h4 Qe6d6
14.Rh1e1 Bc8e6
15.Qh4xf6 Kd7
16.Re1e4 Be6g4
17.Re4xg4 Qd6xf6
18.f3 Ra8d8
19.Nb1a3 Rd8e8
20.d3 Qf6e5
21.Bc1h6 Qe5e1

0-1

[Event "Tourn. n8295"]
[Site "www.chess-mail.com"]
[Date "2015.07.20"]
[Round "1"]
[White "Thurgau"]
[Black "Capitaine"]
[WhiteElo "2720"]
[BlackElo "2350"]
[Result "0-1"]
[Round "1"]
1.e4 c5
2.Ng1f3 d6
3.d4 cxd4
4.Nf3xd4 Ng8f6
5.Nb1c3 g6
6.Bc1e3 Bf8g7
7.f3 O-O
 { time }
0-1

[Event "Tourn. n7978"]
[Site "www.chess-mail.com"]
[Date "2015.07.20"]
[Round "1"]
[White "Traub"]
[Black "Difficult"]
[WhiteElo "1850"]
[BlackElo "1880"]
[Result "0-1"]
[Round "1"]
1.e4 d6
2.d4 Ng8f6
3.Nb1c3 g6
4.f4 Bf8g7
5.Ng1f3 O-O
6.Bc1e3 Nf6g4
7.Qd1d2 Ng4xe3
8.Qd2xe3 c6
9.Bf1d3 Bc8g4
10.O-O Nb8d7
11.e5 d5
12.h3 Bg4xf3
13.Qe3xf3 e6
14.Nc3e2 c5
15.dxc5 Nd7xc5
16.Ra1d1 Nc5xd3
17.Qf3xd3 Ra8c8
18.Ne2d4 Qd8b6
19.b3 a6
20.Kh1 Qb6a5
21.a4 Qa5c3
22.Qd3xc3 Rc8xc3
23.Rf1f3 Rf8c8
24.Rd1d3 Rc3xd3
25.Rf3xd3 Bg7f8
26.c3 Bf8c5
27.b4 Bc5xd4
28.cxd4 Rc8c4
29.b5 Rc4xa4
30.bxa6 Ra4xa6
31.g4 Kg7
32.Kg2 b5
33.Kf2 b4
34.Rd3b3 Ra6b6
35.h4 Rb6b5
36.Ke3 h5
37.gxh5 gxh5
38.Kd2 Kg6
39.Rb3g3 Kf5
40.Rg3g5 Kxf4
41.Rg5xh5 Ke4
42.Rh5g5 Kxd4
43.Rg5g7 { time. }
0-1

[Event "Tourn. n8192"]
[Site "www.chess-mail.com"]
[Date "2015.07.20"]
[Round "1"]
[White "Libiesse"]
[Black "Genius7"]
[WhiteElo "1970"]
[BlackElo "1800"]
[Result "1-0"]
[Round "1"]
1.d4 Ng8f6
2.c4 b6
3.f3 d5
4.cxd5 Nf6xd5
5.e4 Nd5f6
6.Bc1e3 e6
7.Nb1c3 Bc8b7
8.Ng1e2 Bf8e7
9.Ne2f4 O-O
10.Ra1c1 Nb8d7
11.Bf1d3 e5
12.dxe5 Nd7xe5
13.Bd3e2 c5
14.O-O Qd8xd1
15.Rf1xd1 Rf8d8
16.Nf4d5 Nf6xd5
17.exd5 { time. }
1-0

[Event "Tourn. n8283"]
[Site "www.chess-mail.com"]
[Date "2015.07.20"]
[Round "1"]
[White "A27l"]
[Black "Gatrooper"]
[WhiteElo "1130"]
[BlackElo "1200"]
[Result "0-1"]
[Round "1"]
1.d4 d5
2.e3 e6
3.Ng1f3 Nb8c6
4.g3 a6
5.Bf1g2 h6
6.O-O Ng8f6
7.c3 Nf6e4
8.Nb1d2 Ne4xd2
9.Bc1xd2 Bf8e7
10.Nf3e5 { time. }
0-1

[Event "Tourn. n8292"]
[Site "www.chess-mail.com"]
[Date "2015.07.20"]
[Round "1"]
[White "Bojan"]
[Black "Wegaman"]
[WhiteElo "1890"]
[BlackElo "1890"]
[Result "1-0"]
[Round "1"]
1.e4 e6
2.Ng1f3 d5
3.exd5 exd5
4.d4 Ng8f6
5.c4 c6
6.h3 Bc8e6
7.cxd5 Be6xd5
8.Bc1e3 Bf8e7
9.a3 Nb8d7
10.Nb1c3 Bd5xf3
11.Qd1xf3 O-O
12.Bf1d3 g6
13.O-O Rf8e8
14.Be3g5 Qd8b6
15.Nc3e2 Qb6xb2
16.Ra1b1 Qb2xa3
17.Rb1xb7 Qa3d6
18.Bg5f4 Qd6d5
19.Qf3g3 Nf6h5
20.Qg3e3 Nh5xf4
21.Ne2xf4 Qd5d6
22.Nf4e2 Nd7b6
23.Rf1a1 Be7f6
24.Qe3f3 Bf6xd4
25.Qf3xf7 { resign }
1-0

[Event "Tourn. n8292"]
[Site "www.chess-mail.com"]
[Date "2015.07.20"]
[Round "1"]
[White "Scasan55"]
[Black "Bojan"]
[WhiteElo "1930"]
[BlackElo "1890"]
[Result "1-0"]
[Round "1"]
1.e4 e5
2.Ng1f3 d6
3.h3 a6
4.Bf1c4 h6
5.Nb1c3 c6
6.O-O b5
7.Bc4b3 Ng8f6
8.d3 Nf6h7
9.a4 b4
10.Nc3e2 a5
11.d4 exd4
12.Ne2xd4 c5
13.Nd4e2 Bf8e7
14.Ne2f4 O-O
15.Nf4g6 Rf8e8
16.Qd1d5 Bc8e6
17.Qd5xa8 c4
18.Qa8a7 cxb3
19.Ng6xe7 Re8xe7
20.Qa7e3 bxc2
21.Nf3d4 Be6c4
22.Rf1e1 Qd8b6
23.Nd4xc2 Qb6c7
24.Nc2d4 Nh7f6
25.b3 Bc4d5
26.f3 Nb8a6
27.Nd4f5 Re7e8
28.Qe3d3 Bd5e6
29.Nf5xh6 gxh6
30.Qd3xa6 Be6xb3
31.Bc1xh6 Kh7
32.Bh6f4 Re8e6
33.Ra1c1 Qc7d8
34.Qa6b5 Nf6d7
35.Qb5h5 Kg8
36.Qh5g5 Qd8xg5
37.Bf4xg5 f6
38.Bg5h4 Nd7c5
39.Re1e3 Bb3xa4
40.Rc1a1 Kf7
41.Kf2 Re6e8
42.Ke2 Ba4b5
43.Kd2 a4
44.Kc2 Re8c8
45.Kb2 Nc5d3
46.Re3xd3 Bb5xd3
47.Ra1xa4 Rc8c2
48.Kb3 Rc2xg2
49.Ra4xb4 Ke6
50.Kc3 Bd3a6
51.Kd4 Ba6f1
52.f4 Rg2d2
53.Ke3 Rd2d3
54.Kf2 Bf1xh3
55.f5 Ke5
56.Rb4b5 Kxe4
57.Bh4xf6 Bh3xf5
58.Rb5b4 Kd5
59.Ke2 Ke6
60.Bf6g7 Bf5e4
61.Rb4xe4 { resign }
1-0

[Event "Tourn. n8283"]
[Site "www.chess-mail.com"]
[Date "2015.07.20"]
[Round "1"]
[White "Gatrooper"]
[Black "Cccp"]
[WhiteElo "1200"]
[BlackElo "1150"]
[Result "1-0"]
[Round "1"]
1.e4 e6
2.d4 d5
3.e5 c5
4.dxc5 Bf8xc5
5.Bc1e3 Bc5xe3
6.fxe3 Nb8c6
7.Ng1f3 Qd8b6
8.Nb1d2 Qb6xe3
9.Bf1e2 Nc6xe5
10.Nf3xe5 Qe3xe5
11.Nd2f3 Qe5xb2
12.O-O Ng8e7
13.Ra1b1  { time }
1-0

[Event "Tourn. n8177"]
[Site "www.chess-mail.com"]
[Date "2015.07.20"]
[Round "1"]
[White "Ssharp"]
[Black "Cardiff"]
[WhiteElo "2150"]
[BlackElo "2030"]
[Result "1-0"]
[Round "1"]
1.e4 d5
2.exd5 Qd8xd5
3.Nb1c3 Qd5a5
4.d4 c6
5.Ng1f3 Bc8f5
6.Bf1d3 e6
7.a3 Ng8f6
8.O-O Bf5xd3
9.Qd1xd3 Bf8e7
10.b4 Qa5c7
11.Bc1g5 Nb8d7
12.h3 h6
13.Bg5d2 O-O
14.Rf1e1 Nd7b6
15.Ra1d1 Nb6d5
16.Nc3e2 Rf8d8
17.c4 Nd5b6
18.Bd2f4 Qc7d7
19.Nf3e5 Qd7e8
20.Qd3c2 Ra8c8
{ time. }
1-0

[Event "Tourn. n8177"]
[Site "www.chess-mail.com"]
[Date "2015.07.20"]
[Round "1"]
[White "Samael"]
[Black "Cardiff"]
[WhiteElo "2090"]
[BlackElo "2030"]
[Result "1-0"]
[Round "1"]
1.d4 d5
2.e3 Ng8f6
3.Ng1f3 g6
4.c4 Bf8g7
5.Nb1c3 O-O
6.Bf1e2 dxc4
7.Be2xc4 a6
8.O-O b5
9.Bc4d3 Bc8b7
10.Qd1c2 Nb8d7
11.a3 c5
12.Bc1d2 Bb7xf3
13.gxf3 Qd8b6
14.dxc5 Nd7xc5
15.Bd3e2 Ra8c8
16.Qc2d1 Rf8d8
17.Qd1e1 Rd8xd2
18.Qe1xd2 Nc5b3
19.Qd2d1  { time }
1-0

[Event "Tourn. n8284"]
[Site "www.chess-mail.com"]
[Date "2015.07.20"]
[Round "1"]
[White "Goodwill"]
[Black "Gatrooper"]
[WhiteElo "1499"]
[BlackElo "1200"]
[Result "1-0"]
[Round "1"]
1.d4 d5
2.c4 dxc4
3.Ng1f3 Nb8c6
4.e3 Bc8g4
5.Bf1xc4 Bg4xf3
6.Qd1xf3 e6
7.O-O Ng8f6
8.Nb1c3 Bf8b4
9.Rf1d1 Bb4xc3
10.bxc3 O-O
11.e4 Nc6a5
12.Bc4b3 Na5xb3
13.axb3 Qd8d6
14.e5 Qd6b6
15.exf6 gxf6
16.Qf3xf6 e5
17.Qf6xe5 Ra8e8
18.Qe5g3 Kh8
19.b4 Qb6e6
20.Bc1e3 Rf8g8
21.Qg3e5 f6
22.Qe5xe6 Re8xe6
23.Ra1xa7 f5
24.Ra7xb7 c6
25.Rb7f7 Re6g6
26.g3 h5
27.Rd1a1 h4
28.d5 cxd5
29.Be3d4 Rg8g7
30.Rf7xg7 Rg6xg7
31.Ra1a7 h3
32.Ra7xg7 f4
33.Rg7c7 Kg8
34.b5 Kf8
35.b6 fxg3
36.hxg3 Ke8
37.b7 h2
38.Kxh2 Kd8
39.b8Q { resign }
1-0

[Event "Tourn. n8284"]
[Site "www.chess-mail.com"]
[Date "2015.07.20"]
[Round "1"]
[White "A27l"]
[Black "Gatrooper"]
[WhiteElo "1130"]
[BlackElo "1200"]
[Result "0-1"]
[Round "1"]
1.g3 e5
2.Bf1g2 d5
3.e3 e4
4.Ng1e2 h6
5.O-O a6
6.b3 Bc8g4
7.f3 exf3
8.Bg2xf3 Bg4xf3
9.Rf1xf3 Ng8f6
10.Bc1b2 { time. }
0-1

[Event "Tourn. n8166"]
[Site "www.chess-mail.com"]
[Date "2015.07.20"]
[Round "1"]
[White "Louis"]
[Black "Cyrilgeorge"]
[WhiteElo "1700"]
[BlackElo "1429"]
[Result "1-0"]
[Round "1"]
1.e4 e5
2.Ng1f3 d6
3.d4 Nb8c6
4.d5 Nc6e7
5.Nb1c3 f6
6.Bf1d3 a6
7.O-O g6
8.h3 c5
9.a4 Bf8h6
10.Bc1xh6 Ng8xh6
11.Nf3h4 g5
12.Nh4f3 O-O
13.Ra1b1 Ne7g6
14.g4 f5
15.exf5 Ng6f4
16.Kh2 Bc8d7
17.Nc3e4 Bd7xa4
18.Nf3xg5 Qd8e7
19.Ng5f3 Ba4b5
20.Bd3xb5 axb5
21.Nf3e1 b6
22.f3 c4
23.Ne1g2 Nf4xg2
24.Kxg2 b4
25.Qd1d2 Nh6f7
26.Qd2xb4 Qe7c7
27.Qb4d2 Ra8a2
28.c3 Rf8a8
29.Qd2e3 b5
30.Kg3 Qc7b7
31.Rf1d1 b4
32.cxb4 Qb7xb4
33.b3 cxb3
34.Rb1xb3 Ra8a3
35.Rb3xb4 Ra3xe3
36.Rb4b8 Kg7
37.Rb8b7 Ra2a3
38.Ne4g5 Kh6
39.Ng5xf7 Kg7
40.Nf7xd6 Kf6
41.Nd6e8 { resign }
1-0

[Event "Tourn. n8195"]
[Site "www.chess-mail.com"]
[Date "2015.07.20"]
[Round "1"]
[White "Ditto"]
[Black "Cyrilgeorge"]
[WhiteElo "1740"]
[BlackElo "1699"]
[Result "1-0"]
[Round "1"]
1.d4 d5
2.c4 dxc4
3.Ng1f3 b5
4.Nb1c3 a6
5.Bc1f4 e6
6.e4 Bc8b7
7.Bf1e2 Bf8b4
8.O-O Bb4xc3
9.bxc3 Bb7xe4
10.Nf3e5 Be4g6
11.Be2f3 Ra8a7
12.Bf4e3 a5
13.Qd1e2 Ng8e7
14.Ra1d1 Ra7a6
15.Bf3b7 Ra6d6
16.Bb7f3 O-O
17.Be3f4 Bg6d3
18.Ne5xd3 Rd6b6
19.Nd3e5 Ne7d5
20.Bf4c1 Nd5xc3
21.Qe2c2 Nc3d5
22.Bc1b2 Qd8f6
23.Bb2a3 Rf8d8
24.Ba3c1 h6
25.Bc1b2 Nd5b4
26.Qc2b1 Nb8c6
27.Ne5g4 Qf6f5
28.a3 Qf5xb1
29.Rd1xb1 Nb4d3
30.Bb2c3 b4
31.axb4 Nc6xb4
32.Ng4e3 Nb4d5
33.Bc3xa5 Rb6xb1
34.Rf1xb1 Rd8d6
35.Rb1b8 Kh7
36.Ne3xc4 Rd6d7
37.Bf3e4 f5
38.Be4xd3 Nd5b6
39.Nc4xb6 cxb6
40.Ba5xb6 { resign }
1-0

[Event "Tourn. n8195"]
[Site "www.chess-mail.com"]
[Date "2015.07.20"]
[Round "1"]
[White "Cyrilgeorge"]
[Black "Louis"]
[WhiteElo "1699"]
[BlackElo "1690"]
[Result "0-1"]
[Round "1"]
1.e4 e6
2.e5 d6
3.exd6 cxd6
4.Bf1b5 Bc8d7
5.Bb5xd7 Qd8xd7
6.Ng1e2 Ng8f6
7.O-O Bf8e7
8.d4 O-O
9.c3 Nb8c6
10.Nb1d2 e5
11.Nd2c4 exd4
12.Ne2xd4 Nc6xd4
13.cxd4 d5
14.Nc4e5 Qd7d8
15.a3 Nf6d7
16.Ne5xd7 Qd8xd7
17.b4 b5
18.Qd1f3 Be7f6
19.Bc1b2 Ra8c8
20.Ra1c1 Rc8c4
21.Rc1xc4 bxc4
22.Bb2c3 Rf8d8
23.Rf1e1 h6
24.h3 a6
25.g4 Qd7c6
26.Qf3f5 Qc6a4
27.Re1a1 Qa4b3
28.Qf5f3 Bf6xd4
29.Ra1c1 Qb3xa3
30.Rc1c2 Bd4xc3
31.Qf3xc3 Qa3xc3
32.Rc2xc3 f6
33.Kg2 Kf7
34.f4 g6
{ resign }
0-1

[Event "Tourn. n8227"]
[Site "www.chess-mail.com"]
[Date "2015.07.20"]
[Round "1"]
[White "Geretree"]
[Black "Oliverio"]
[WhiteElo "1780"]
[BlackElo "1740"]
[Result "1-0"]
[Round "1"]
1.e4 e5
2.Ng1f3 Nb8c6
3.Nb1c3 Ng8f6
4.Bf1c4 Bf8c5
5.h3 d6
6.d3 O-O
7.Bc1g5 Bc8e6
8.Bc4xe6 fxe6
9.Qd1d2 Bc5b4
10.a3 Bb4a5
11.b4 Ba5b6
12.O-O Nc6d4
13.Nf3e1 h6
14.Bg5e3 Nf6h5
15.Nc3e2 Qd8h4
16.Ne2xd4 exd4
17.Be3xd4 Bb6xd4
18.Ne1f3 Rf8xf3
19.gxf3  { time }
1-0

[Event "Tourn. n8233"]
[Site "www.chess-mail.com"]
[Date "2015.07.20"]
[Round "1"]
[White "Generalfree"]
[Black "Jasmartin"]
[WhiteElo "1770"]
[BlackElo "1690"]
[Result "1-0"]
[Round "1"]
1.e4 g6
2.d4 Bf8g7
3.c3 d6
4.h3 Ng8f6
5.Bf1d3 a6
6.Bc1e3 O-O
7.Qd1c2 Nb8c6
8.Nb1d2 e5
9.d5 Nc6e7
10.Ng1f3 c6
11.c4 c5
12.g4 b6
13.Nf3h2 Nf6d7
14.b3 Bc8b7
15.f4 Rf8e8
16.f5 f6
17.g5 a5
18.fxg6 Ne7xg6
19.Nh2g4 Ng6f4
20.gxf6 Nf4xd3
21.Qc2xd3 Nd7xf6
22.Be3g5 Re8f8
23.O-O-O h6
24.Bg5xh6 Rf8f7
25.Ng4xf6 Rf7xf6
26.Bh6xg7 Kxg7
27.Rd1g1 Kf7
28.Rg1g5 Qd8h8
29.Rh1g1 Ra8f8
30.Qd3g3 Ke8
31.Rg5g7 Bb7c8
32.h4 Rf6f7
33.Rg7xf7 Rf8xf7
34.Qg3g6 Ke7
35.h5 Rf7h7
36.Rg1g5 Kd8
37.Nd2f3 Kc7
38.Nf3h4 Kb7
39.Nh4f5 Ka6
40.Nf5xd6 Bc8d7
41.Nd6f7 { resign }
1-0

[Event "Tourn. n8162"]
[Site "www.chess-mail.com"]
[Date "2015.07.20"]
[Round "1"]
[White "Chesspower"]
[Black "Falcoale"]
[WhiteElo "1760"]
[BlackElo "1890"]
[Result "0-1"]
[Round "1"]
1.d4 Ng8f6
2.c4 e6
3.Nb1c3 Bf8b4
4.e3 Nf6e4
5.Bc1d2 Ne4xd2
6.Qd1xd2 O-O
7.Ng1f3 b6
8.a3 Bb4e7
9.Bf1e2 Bc8b7
10.O-O c5
11.Rf1d1 cxd4
12.exd4 Be7f6
13.Nf3e5 Bf6e7
14.Be2f3 Nb8c6
15.Ne5xc6 Bb7xc6
16.Bf3xc6 dxc6
17.Qd2e3 Be7g5
18.f4 Bg5f6
19.Nc3e4 Qd8c7
20.Ne4xf6 gxf6
21.Rd1f1 Ra8d8
 { time }
0-1

[Event "Tourn. n8162"]
[Site "www.chess-mail.com"]
[Date "2015.07.20"]
[Round "1"]
[White "Oliverio"]
[Black "Falcoale"]
[WhiteElo "1640"]
[BlackElo "1890"]
[Result "1-0"]
[Round "1"]
1.d4 Ng8f6
2.c4 e6
3.Nb1c3 b6
4.e4 Bc8b7
5.Bf1d3 Bf8b4
6.Qd1c2 Nb8c6
7.Ng1f3 h6
8.d5 exd5
9.exd5 Nc6e7
10.O-O c6
11.a3 Bb4xc3
12.d6 Ne7g6
13.Bd3xg6 fxg6
14.Qc2xg6 Kf8
15.bxc3 Qd8e8
16.Nf3h4 Bb7a6
17.Qg6d3 Rh8g8
18.Nh4g6 Kf7
19.Bc1f4 Qe8e6
20.Rf1e1 Rg8e8
21.Re1xe6 { resign }
1-0

[Event "Tourn. n8148"]
[Site "www.chess-mail.com"]
[Date "2015.07.20"]
[Round "1"]
[White "Oliverio"]
[Black "Powerchess"]
[WhiteElo "1590"]
[BlackElo "1430"]
[Result "1-0"]
[Round "1"]
1.c4 f5
2.d4 g6
3.Nb1c3 Bf8g7
4.Ng1f3 Ng8f6
5.g3 d6
6.Bf1g2 c6
7.d5 e5
8.e4 O-O
9.O-O fxe4
10.Nf3g5 cxd5
11.Nc3xd5 h6
12.Nd5xf6 Bg7xf6
13.Qd1d5 Kg7
14.Ng5xe4 Bf6e7
15.Bc1e3 Nb8c6
16.a3 Bc8f5
17.Ra1d1 Qd8c7
18.c5 dxc5
19.Ne4xc5 Be7xc5
20.Qd5xc5 Bf5d7
21.Rd1d6 b6
{ time. }
1-0

[Event "Tourn. n8142"]
[Site "www.chess-mail.com"]
[Date "2015.07.20"]
[Round "1"]
[White "Faerieking"]
[Black "Falcoale"]
[WhiteElo "2140"]
[BlackElo "2010"]
[Result "1-0"]
[Round "1"]
1.e4 c5
2.Ng1f3 Nb8c6
3.b4 Nc6xb4
4.c3 Nb4c6
5.d4 cxd4
6.cxd4 e6
7.d5 exd5
8.exd5 Nc6b4
9.d6 Ng8f6
10.Qd1e2 Bf8e7
11.dxe7 Qd8xe7
12.Qe2xe7 Kxe7
13.Bc1a3 Nf6d5
14.Bf1c4 Kd6
15.Bc4xd5 Rh8e8
16.Kd2 Kxd5
17.Ba3xb4 b6
18.Nb1c3 Kc4
19.Bb4d6 Bc8b7
20.Nf3e5 Kd4
21.Rh1e1 Ra8c8
22.Ra1c1 Bb7c6
23.Ne5xc6 dxc6
24.Re1xe8 Rc8xe8
25.Nc3e2 Kd5
26.Bd6g3 c5
27.a4 g5
28.h4 h6
29.hxg5 hxg5
30.f4 gxf4
31.Bg3xf4 Re8e4
32.Ne2c3 Kd4
33.Nc3xe4 { resign }
1-0

[Event "Tourn. n8002"]
[Site "www.chess-mail.com"]
[Date "2015.07.20"]
[Round "1"]
[White "Falcoale"]
[Black "Samael"]
[WhiteElo "1880"]
[BlackElo "2090"]
[Result "0-1"]
[Round "1"]
1.e4 e5
2.Ng1f3 d6
3.Bf1c4 h6
4.Nb1c3 Ng8f6
5.d4 exd4
6.Nf3xd4 Bc8d7
7.O-O Bf8e7
8.Qd1f3 Nb8c6
9.Nd4xc6 Bd7xc6
10.Rf1e1 O-O
11.Nc3d5 Nf6xd5
12.exd5 Bc6d7
13.Qf3g3 Kh8
14.Bc4d3 Rf8e8
15.Bc1f4 Be7f6
16.c3 Re8xe1
17.Ra1xe1 Qd8f8
18.Qg3f3 Ra8e8
19.Re1d1 Qf8e7
20.Bf4e3 Bf6e5
21.Be3f4 Be5xf4
22.Qf3xf4 f6
23.h3 Qe7e5
24.Qf4f3 a6
25.Rd1c1 f5
26.Bd3c2 Qe5e2
27.Qf3xe2 Re8xe2
28.b3 g6
29.Kf1 Re2e5
30.c4 Kg7
31.Rc1e1 Kf6
32.Re1d1 f4
33.f3 Bd7f5
34.Bc2xf5 Re5xf5
35.Kf2 Rf5e5
36.Rd1e1 Re5xe1
37.Kxe1 Ke5
38.Kf2 Kd4
39.g3 fxg3
40.Kxg3 b5
41.cxb5 axb5
42.Kg4 Kxd5
43.Kf4 Kd4
44.h4 c5
45.Kg3 Kd3
46.Kg4 d5
47.h5 g5
48.a4 bxa4
49.bxa4 Kc4
50.f4 gxf4
51.Kxf4 d4
{ resign }
0-1